China, its history, arts, and literature
This book introduce about the features of the country, administration, finance, foreign trade and intercourse. Preconventional period.
Đã lưu trong:
| 主要作者: | |
|---|---|
| 格式: | 图书 |
| 语言: | Undetermined |
| 出版: |
Boston
J. B. Millet Co.
1902
|
| 主题: | |
| 标签: |
添加标签
没有标签, 成为第一个标记此记录!
|
| Thư viện lưu trữ: | Trung tâm Học liệu Trường Đại học Cần Thơ |
|---|
| LEADER | 00689nam a2200205Ia 4500 | ||
|---|---|---|---|
| 001 | CTU_231936 | ||
| 008 | 210402s9999 xx 000 0 und d | ||
| 082 | |a 951 | ||
| 082 | |b B858/Vol.10 | ||
| 100 | |a Brinkley, Captain F. | ||
| 245 | 0 | |a China, its history, arts, and literature | |
| 245 | 0 | |c Captain F. Brinkley | |
| 260 | |a Boston | ||
| 260 | |b J. B. Millet Co. | ||
| 260 | |c 1902 | ||
| 520 | |a This book introduce about the features of the country, administration, finance, foreign trade and intercourse. Preconventional period. | ||
| 650 | |a Trung Quốc,China | ||
| 650 | |x Lịch sử,History | ||
| 910 | |b dqhieu | ||
| 980 | |a Trung tâm Học liệu Trường Đại học Cần Thơ | ||